Loading...
Satyajit Ray at 70/
| Main Author: | |
|---|---|
| Format: | Printed Book |
| Published: |
Hyderabad:
Orient Longman,
1993.
|
| Subjects: |
| LEADER | 00500nam a22001451a 4500 | ||
|---|---|---|---|
| 082 | |a 791.430 92 |b NEM/S | ||
| 100 | |a Nemai Ghosh |9 74660 | ||
| 245 | |a Satyajit Ray at 70/ |c by Nemai Ghosh | ||
| 260 | |a Hyderabad: |b Orient Longman, |c 1993. | ||
| 300 | |a 125p. | ||
| 650 | |a Biography Sathyjit Ray |9 74661 | ||
| 650 | |a Biography |9 74662 | ||
| 942 | |c BK | ||
| 999 | |c 40876 |d 40876 | ||
| 952 | |0 0 |1 0 |4 0 |6 791_430000000000000_92_SAT |7 0 |9 59306 |a SSUS |b SSUS |d 2015-01-08 |g 475.00 |o 791.430 92 SAT |p 003210 |r 2015-01-08 |v 0.00 |w 2015-01-08 |y BK | ||